|
|
|
|
| LEADER |
01891cas a2200241 a 4500 |
| 001 |
AALejournalIMF017207 |
| 008 |
230101c9999 xx r poo 0 0eng d |
| 020 |
|
|
|c 5.00 USD
|
| 020 |
|
|
|z 9781475551372
|
| 022 |
|
|
|a 1934-7685
|
| 040 |
|
|
|a BD-DhAAL
|c BD-DhAAL
|
| 110 |
2 |
|
|a International Monetary Fund.
|b African Dept.
|
| 245 |
1 |
0 |
|a Republic of Equatorial Guinea :
|b 2016 Article IV Consultation-Press Release; Staff Report; and Statement by the Director for the Republic of Equatorial Guinea.
|
| 264 |
|
1 |
|a Washington, D.C. :
|b International Monetary Fund,
|c 2016.
|
| 300 |
|
|
|a 1 online resource (68 pages)
|
| 490 |
1 |
|
|a IMF Staff Country Reports
|
| 500 |
|
|
|a <strong>Off-Campus Access:</strong> No User ID or Password Required
|
| 500 |
|
|
|a <strong>On-Campus Access:</strong> No User ID or Password Required
|
| 506 |
|
|
|a Electronic access restricted to authorized BRAC University faculty, staff and students
|
| 520 |
3 |
|
|a This 2016 Article IV Consultation highlights that Equatorial Guinea's overall real GDP growth has been weak in recent years averaging -0.5 percent from 2010-14, largely owing to a trend decline of the dominant hydrocarbon sector. Economic performance deteriorated substantially in the wake of the 2014 oil-price shock. In 2015, the pace of the contraction intensified, and economic activity declined by 7.4 percent. The near-term outlook is very challenging, given prospects for depressed energy prices and a continued decline in hydrocarbon production. Weak oil revenues and limited buffers will require further cuts to public investment, leading to a deep contraction of the large construction sector and public administration.
|
| 538 |
|
|
|a Mode of access: Internet
|
| 830 |
|
0 |
|a IMF Staff Country Reports; Country Report ;
|v No. 2016/341
|
| 856 |
4 |
0 |
|z Full text available on IMF
|u http://elibrary.imf.org/view/journals/002/2016/341/002.2016.issue-341-en.xml
|z IMF e-Library
|